Gua rahsia

Bibliographic Details
Main Author: Kelembai
Format: Book
Published: Selangor : Eddiplex , 2006
Series:Siri dongeng klasik
Subjects:

MARC

LEADER 00000cam a2200000 7i4500
001 0000000850
005 20220105103915.0
008 070703
020 |a 9838806986(set) 
020 |a 9838807249 
090 0 0 |a JP   |b CT MAL (1036) 
100 0 |a Kelembai 
245 1 0 |a Gua rahsia   |c Kelembai 
260 |a Selangor :   |b Eddiplex ,   |c 2006 
440 |a Siri dongeng klasik 
500 |a Children age 4-6 years old (yellow) 
650 0 |a Malay fiction 
999 |a 0000945609   |b Book   |c Children Collection   |e Cawangan Taman Sri Lambak 
999 |a 0000945610   |b Book   |c Children Collection   |e Cawangan Taman Sri Lambak 
999 |a 0000945611   |b Book   |c Children Collection   |e Cawangan Taman Sri Lambak 
999 |a 0000955493   |b Book   |c Children Collection   |e Perbadanan Perpustakaan Awam Johor 
999 |a 0000957994   |b Book   |c Children Collection   |e Perbadanan Perpustakaan Awam Johor 
999 |a 0000957995   |b Book   |c Children Collection   |e Perbadanan Perpustakaan Awam Johor 
999 |a 0000957996   |b Book   |c Children Collection   |e Cawangan Kota Tinggi 
999 |a 0001071550   |b Book   |c Children Collection   |e Cawangan Taman Universiti